California Trivia Quiz - Statistics

General Stats
  • This quiz has been taken 142 times
  • The average score is 14 of 20
Answer Stats
Question Answer % Correct
Biggest city Los Angeles
98%
Capital city Sacramento
96%
Border states Arizona
94%
Border states Nevada
94%
Border states Oregon
93%
Former prison island Alcatraz
90%
Major city bordering Mexico San Diego
87%
National Park that contains the hottest and lowest spot in the United States Death Valley
81%
Body of water the Bay Area refers to {San} {Francisco} Bay
79%
NBA team originally from Minnesota Los Angeles Lakers
75%
Major Bay Area flagship university UC {Berkeley}
73%
Mountain range of the above Sierra Nevada
61%
President born in California Richard Nixon
60%
Pioneer party who resorted to cannibalism {Donner} Party
57%
Tallest mountain in the contiguous United States Mount Whitney
57%
Famous music festival in the desert Coachella
55%
State flower Poppy
49%
State bird Quail
29%
Ski resort that hosted the Winter Olympics Squaw Valley
25%
Tallest dam in the United States {Oroville} Dam
12%
No matching quizzes found
Score Distribution
Percent of People with Each Score
Percentile by Number Answered
Your Score History
You have not taken this quiz